| 000 | 01028cam a22002771i 4500 | ||
|---|---|---|---|
| 003 | SA-RiAUC | ||
| 005 | 20241130091259.0 | ||
| 008 | 241130s2004____su g 000 0 ara c | ||
| 020 | _a9960442683 (مجموعة) | ||
| 020 | _a9960442683 | ||
| 040 |
_aSA-MaHRM _bara _cSA-RiAUC _erda |
||
| 082 | 0 | 4 |
_a228.1 _qSA-RiAUC |
| 090 |
_a228.1 _bغ م ر |
||
| 100 | 1 |
_aالغمري، نبيل بن هاشم، _d1380 هجري- _eمؤلف. |
|
| 245 | 1 | 0 |
_aتقريب النفع وتيسير الجمع بين القراءات السبع / _cنبيل بن هاشم الغمري. |
| 250 | _aالطبعة الأولى. | ||
| 264 | 1 |
_aمكة المكرمة : _bنبيل بن هاشم الغمري، _c2004 |
|
| 300 |
_a2 مجلد ؛ _c21 سم |
||
| 336 |
_aنص _btxt _2rdacontent _3كتاب |
||
| 337 |
_aبدون وسيط _bn _2rdamedia |
||
| 338 |
_aمجلد _bnc _2rdacarrier |
||
| 630 | 2 | 7 |
_aالقرآن _xالقراءات السبع _2aucut |
| 730 | 2 | 2 | _aالقرآن |
| 942 |
_2ddc _cBOOK |
||
| 949 |
_aSA-JeALM _d241130 _ukhaled123 _n1 |
||
| 999 |
_c2866 _d2866 |
||